Medzinárodné účtovné štandardy: Účtovníctvo vo svete. Vydanie amerického štandardu SFAS 157 zaoberajúceho sa stanovením objektívnej hodnoty (fair value)

Na minha lista:
Detalhes bibliográficos
Autor principal: Tumpach, Miloš, 1970-
Formato: Capítulo de Livro
Idioma:eslovaco
Tags: Adicionar Tag
Sem tags, seja o primeiro a adicionar uma tag!

MARC

LEADER 00000nla$a2200000$$$4500
001 0057472
005 20240502071640.4
041 0 |a slo 
044 |a SK 
245 1 0 |a Medzinárodné účtovné štandardy: Účtovníctvo vo svete. Vydanie amerického štandardu SFAS 157 zaoberajúceho sa stanovením objektívnej hodnoty (fair value)  |c Miloš Tumpach 
100 1 |a Tumpach, Miloš, 1970-